000 01464nam a2200217Ia 4500
003 Ost
005 20260416102357.0
008 260416s9999||||xx |||||||||||||| ||und||
040 _cfsecg
041 _aara
082 _a332.642
100 _aسدرة، أنيسة
_eمؤلف
245 0 _a الأسواق المالية الدولية :
_bمطبوعة موجهة لطلبة السنة الأولى ماستر(السداسي الأول)تخصص إقتصاد نقدي و بنكي /
_c أنيسة سدرة
260 _aالجزائر
_bجامعة الجزائر3: كلية العلوم الإقتصادية، العلوم التجارية وعلوم التسيير
_c2022
300 _a103 ورقة
_bايضاحات
_c30 سم
504 _aمراجع ص.100
520 _aماهية الأسواق المالية وأنواعها ، السوق النقدية الدولية و سوق رأس المال الدولية ، سوق الصرف الأجنبي صلة وصل بين الأسواق المالية الدولية ، تنظيم الأسواق المالية و أهم المراكز المالية الدولية ، التداول الالكتروني عبر الانترنت في السواق المالية الدولية.
653 _aالأسواق المالية
710 _aجامعة الجزائر3: كلية العلوم الإقتصادية، العلوم التجارية وعلوم التسيير
_eناشر علمي
942 _cHANDOUT
999 _c41278
_d41278